| 000 | 00703nam a2200229 a 4500 | ||
|---|---|---|---|
| 001 | 66373 | ||
| 003 | BD-RjUL | ||
| 005 | 20211209081533.0 | ||
| 008 | 170315s1957 nyua 001 0 eng d | ||
| 035 | _a(BD-RjUL)66503 | ||
| 040 |
_aDLC _cCarP _dBD-RjUL _beng |
||
| 041 | _aeng | ||
| 082 |
_223 _a621.381535 _bGEM 1957 |
||
| 100 | 1 |
_aGeyger, William A. _9196422 |
|
| 245 | 1 | 0 |
_aMagnetic-amplifier circuits : _bbasic principles, characteristics, and applications / _cWilliam A. Geyger |
| 250 | _a2d ed. | ||
| 260 |
_aNew York : _bMcGraw-Hill Book Company, _c1957. |
||
| 300 |
_axiii, 394 p. : _bill. ; _c24 cm. |
||
| 500 | _aInclude Index. | ||
| 650 | 0 |
_aMagnetic amplifiers. _9196423 |
|
| 942 |
_2ddc _cBK |
||
| 999 |
_c66373 _d66373 |
||